Пропуск в контексте

Организационно-правовые основы обеспечения продовольственной безопасности монография

Целью монографии является формирование понятия продовольственной безопасности Чеченской Республики, уточнение её некоторых дефиниций, основных принципов обеспечения, детализацияпризнаков функционального проявления в системе экономической безопасности региона. Установлены аспекты формирования системы...

Fuld beskrivelse

Сохранить в:
Bibliografiske detaljer
Hovedforfatter: Ибрагимов К. Х.
Andre forfattere: Батаев Д. И., Осмаев А. Д., Ибрагимов А. К.
Format: Книга
Sprog:Russian
Udgivet: Грозный КНИИ РАН 2022
Online adgang:https://e.lanbook.com/book/320867
https://e.lanbook.com/img/cover/book/320867.jpg
Tags: Tilføj Tag
Ingen Tags, Vær først til at tagge denne postø!
LEADER 02610nam0a2200301 i 4500
001 320867
003 RuSpLAN
005 20240216150941.0
008 240216s2022 ru gs 000 0 rus
040 |a RuSpLAN 
041 0 |a rus 
044 |a ru 
080 |a 349.4:316 
084 |a 67.407.1+60.56  |2 rubbk 
245 0 0 |a Организационно-правовые основы обеспечения продовольственной безопасности  |b монография  |c Ибрагимов К. Х.,Батаев Д. И.,Осмаев А. Д.,Ибрагимов А. К. 
260 |a Грозный  |b КНИИ РАН  |c 2022 
300 |a 134 с. 
504 |a Библиогр.: доступна в карточке книги, на сайте ЭБС Лань 
520 8 |a Целью монографии является формирование понятия продовольственной безопасности Чеченской Республики, уточнение её некоторых дефиниций, основных принципов обеспечения, детализацияпризнаков функционального проявления в системе экономической безопасности региона. Установлены аспекты формирования системы продовольственной безопасности с учётом вызовов и угроз продовольственной безопасности Чеченской Республики в условиях обострения международной обстановки и военной опасности. Акцентировано внимание на качестве продовольствия – важнейшей характеристике продовольственной безопасности в Чеченской Республике. Выявлено соотношение продовольственной безопасности Чеченской Республики с социальной справедливостью и глобализацией. 
521 8 |a Книга из коллекции КНИИ РАН - Экономика и менеджмент 
521 8 |a СЭБ 
100 1 |a Ибрагимов К. Х. 
700 1 |a Батаев Д. И. 
700 1 |a Осмаев А. Д. 
700 1 |a Ибрагимов А. К. 
856 4 |u https://e.lanbook.com/book/320867 
856 4 8 |u https://e.lanbook.com/img/cover/book/320867.jpg 
953 |a https://e.lanbook.com/img/cover/book/320867.jpg 
Cannot write session to /tmp/vufind_sessions/sess_vss4ksur2pmdcvjr50vb0r9293